000 00322nam a2200133Ia 4500
005 20251222144722.0
008 251222s9999||||xx |||||||||||||| ||spa||
020 _a958-653-003-5
082 _a658.83/N86
100 _aNegandhi, Anant R.
245 0 _aMercado Estratégico Internacional
264 _bLegis
942 _cLIB
999 _c18258
_d18258